[Event "HUN-chT2 Maroczy 1718"]
[Site "Hungary"]
[Date "2017.12.03"]
[Round "3.1"]
[White "Vanczak, Tamas"]
[Black "Lorand, Norbert"]
[Result "1/2-1/2"]
[WhiteElo "2233"]
[BlackElo "2291"]
[PlyCount "76"]
[EventDate "2017.10.29"]
[EventType "team-tourn"]
[EventRounds "9"]
[EventCountry "HUN"]
[SourceTitle "EXT 2021"]
[Source "ChessBase"]
[SourceDate "2020.10.23"]
[SourceVersion "1"]
[SourceVersionDate "2020.10.23"]
[SourceQuality "1"]
[WhiteTeam "Miskolc KisBocsok"]
[BlackTeam "Dunaharaszti II"]
[WhiteTeamCountry "HUN"]
[BlackTeamCountry "HUN"]

1. e4 c5 2. Nf3 d6 3. d4 cxd4 4. Nxd4 Nf6 5. Nc3 a6 6. Bc4 e6 7. Qe2 b5 8. Bb3 Be7 9. Be3 0-0 10. 0-0-0 Qc7 11. g4 b4 12. Na4 Nxe4 13. Nb6 Qxb6 14. Nxe6 Qb5 15. Qxb5 axb5 16. Nxf8 Bb7 17. Nxh7 Nc5 18. Bxc5 Bxh1 19. Bxb4 Nc6 20. Bxd6 Bxd6 21. Rxd6 Kxh7 22. Bxf7 Ne5 23. Bd5 Bxd5 24. Rxd5 Nxg4 25. a3 Rb8 26. f3 Ne3 27. Rc5 Nc4 28. c3 Nd6 29. Rd5 Nc4 30. Kb1 Kg6 31. Ka2 Kf6 32. h4 Ke6 33. Rg5 Kf6 34. f4 Nd2 35. Rd5 Nf3 36. h5 Ke6 37. Rc5 Kd6 38. Rf5 Ke6 1/2-1/2

[Event "HUN-chT 1617"]
[Site "Hungary"]
[Date "2016.12.11"]
[Round "4.10"]
[White "Lorand, Norbert"]
[Black "Aczel, Gergely"]
[Result "0-1"]
[WhiteElo "2340"]
[BlackElo "2506"]
[PlyCount "102"]
[EventDate "2016.10.30"]
[EventType "team-tourn"]
[EventRounds "9"]
[EventCountry "HUN"]
[SourceTitle "EXT 2018"]
[Source "ChessBase"]
[SourceDate "2017.10.13"]
[SourceVersion "1"]
[SourceVersionDate "2017.10.13"]
[SourceQuality "1"]
[WhiteTeam "Dunaharaszti"]
[BlackTeam "Aquaprofit"]
[WhiteTeamCountry "HUN"]
[BlackTeamCountry "HUN"]

1. e4 c5 2. Nf3 e6 3. d4 cxd4 4. Nxd4 Nc6 5. Nc3 Qc7 6. Be3 a6 7. Qd2 Nf6 8. f3 Bb4 9. 0-0-0 0-0 10. a3 Be7 11. g4 b5 12. g5 Nh5 13. Nxc6 dxc6 14. f4 c5 15. Bg2 Bb7 16. e5 b4 17. axb4 cxb4 18. Ne4 Rad8 19. Qe2 b3 20. Kb1 Bd5 21. Nc3 Bxg2 22. Qxg2 Rb8 23. Qe2 Ba3 24. Bc1 Nxf4 25. Qxa6 Nd5 26. Rxd5 bxc2+ 27. Kxc2 exd5 28. Qxa3 d4 29. Qd6 Qb7 30. Qd5 dxc3 31. Qxb7 Rxb7 32. bxc3 Ra8 33. Be3 Kf8 34. Bc5+ Ke8 35. h4 Kd7 36. Kd3 Ke6 37. Bd4 Ra2 38. Kc4 Rc7+ 39. Kd3 Rg2 40. Ke4 Rg4+ 41. Kd3 Rb7 42. Kc4 Rb2 43. Ra1 Rxh4 44. Ra6+ Kf5 45. Ra7 Kg6 46. e6 fxe6 47. Rxg7+ Kf5 48. Kc5 e5 49. Rf7+ Kg6 50. Rf6+ Kxg5 51. Bxe5 Re4 0-1

[Event "Budapest FS11 IM"]
[Site "Budapest"]
[Date "2016.11.15"]
[Round "9"]
[White "Lorand, Norbert"]
[Black "Lyell, Mark"]
[Result "0-1"]
[WhiteElo "2340"]
[BlackElo "2213"]
[PlyCount "112"]
[EventDate "2016.11.05"]
[EventType "tourn"]
[EventRounds "9"]
[EventCountry "HUN"]
[EventCategory "2"]
[SourceTitle "CBM 175 Extra"]
[Source "ChessBase"]
[SourceDate "2016.12.12"]
[SourceVersion "1"]
[SourceVersionDate "2016.12.12"]
[SourceQuality "1"]

1. e4 e6 2. d4 d5 3. Nd2 Nf6 4. e5 Nfd7 5. Bd3 c5 6. c3 Nc6 7. Ne2 cxd4 8. cxd4 f6 9. exf6 Nxf6 10. Nf3 Bd6 11. 0-0 Qc7 12. h3 0-0 13. Be3 Bd7 14. Re1 Rae8 15. Rc1 Re7 16. a3 Be8 17. b4 a6 18. Ne5 Qb8 19. f4 a5 20. b5 Na7 21. Qb3 Nc8 22. b6 a4 23. Qb2 Nd7 24. Qc2 Ncxb6 25. Bxh7+ Kh8 26. Bg6 Bxa3 27. Ra1 Nxe5 28. fxe5 Nc4 29. Bg5 Bxg6 30. Qxg6 Qe8 31. Nf4 Rxf4 32. Qxe8+ Rxe8 33. Bxf4 b5 34. Ra2 b4 35. Bc1 Bxc1 36. Rxc1 a3 37. Rb1 Rb8 38. Rb3 Kg8 39. Kf2 Kf7 40. Ke2 Ke7 41. Kd3 Kd7 42. Ra1 Na5 43. Rbb1 Kc6 44. h4 Nc4 45. Rb3 Kb5 46. Rab1 Ka4 47. Kc2 Rb7 48. g4 Na5 49. Rf3 b3+ 50. Kd3 a2 51. Ra1 Ka3 52. Kd2 Rc7 53. Rf8 b2 54. Rxa2+ Kxa2 55. Ra8 Kb3 56. Rxa5 Rb7 0-1

[Event "Budapest FS11 IM"]
[Site "Budapest"]
[Date "2016.11.11"]
[Round "6"]
[White "Lorand, Norbert"]
[Black "Chkhaidze, Nikoloz"]
[Result "1/2-1/2"]
[WhiteElo "2340"]
[BlackElo "2311"]
[PlyCount "59"]
[EventDate "2016.11.05"]
[EventType "tourn"]
[EventRounds "9"]
[EventCountry "HUN"]
[EventCategory "2"]
[SourceTitle "CBM 175 Extra"]
[Source "ChessBase"]
[SourceDate "2016.12.12"]
[SourceVersion "1"]
[SourceVersionDate "2016.12.12"]
[SourceQuality "1"]

1. e4 e5 2. Nf3 Nc6 3. Bb5 a6 4. Ba4 Nf6 5. 0-0 Be7 6. Re1 b5 7. Bb3 d6 8. c3 0-0 9. h3 Na5 10. Bc2 c5 11. d4 Qc7 12. Nbd2 cxd4 13. cxd4 Rd8 14. d5 Bd7 15. Bd3 Nb7 16. Nf1 Nc5 17. Bc2 Rdc8 18. Bd2 Na4 19. Bxa4 bxa4 20. Rc1 Qb7 21. Bc3 Rc4 22. N3d2 Rc5 23. Ne3 Rac8 24. a3 Bd8 25. Rb1 Ne8 26. Bb4 R5c7 27. Ba5 Rc5 28. Bb4 R5c7 29. Ba5 Rc5 30. Bb4 1/2-1/2

[Event "Budapest FS11 IM"]
[Site "Budapest"]
[Date "2016.11.06"]
[Round "2"]
[White "Lorand, Norbert"]
[Black "Popovics, Adam"]
[Result "1/2-1/2"]
[WhiteElo "2340"]
[BlackElo "2386"]
[PlyCount "32"]
[EventDate "2016.11.05"]
[EventType "tourn"]
[EventRounds "9"]
[EventCountry "HUN"]
[EventCategory "2"]
[SourceTitle "CBM 175 Extra"]
[Source "ChessBase"]
[SourceDate "2016.12.12"]
[SourceVersion "1"]
[SourceVersionDate "2016.12.12"]
[SourceQuality "1"]

1. e4 e5 2. Nf3 Nc6 3. Bb5 a6 4. Ba4 Nf6 5. 0-0 Nxe4 6. d4 exd4 7. Re1 d5 8. Nxd4 Bd6 9. Nxc6 Bxh2+ 10. Kxh2 Qh4+ 11. Kg1 Qxf2+ 12. Kh2 Qh4+ 13. Kg1 Qf2+ 14. Kh2 Qh4+ 15. Kg1 Qf2+ 16. Kh2 Qh4+ 1/2-1/2

[Event "HUN-chT 1415"]
[Site "Hungary"]
[Date "2015.04.26"]
[Round "9.2"]
[White "Kozak, Adam"]
[Black "Lorand, Norbert"]
[Result "1/2-1/2"]
[WhiteElo "2315"]
[BlackElo "2348"]
[PlyCount "80"]
[EventDate "2014.10.12"]
[EventType "team-tourn"]
[EventRounds "9"]
[EventCountry "HUN"]
[SourceTitle "EXT 2016"]
[Source "ChessBase"]
[SourceDate "2015.10.08"]
[SourceVersion "1"]
[SourceVersionDate "2015.10.08"]
[SourceQuality "1"]
[WhiteTeam "Budapest Titanok"]
[BlackTeam "Dunaharaszti"]
[WhiteTeamCountry "HUN"]
[BlackTeamCountry "HUN"]

1. d4 Nf6 2. c4 e6 3. Nc3 Bb4 4. e3 0-0 5. Bd3 b6 6. Nge2 Bb7 7. 0-0 d5 8. a3 Be7 9. b3 Nbd7 10. Bb2 c5 11. cxd5 cxd4 12. Nxd4 Nxd5 13. Nxd5 Bxd5 14. Qe2 Bf6 15. Rfd1 Qe7 16. b4 g6 17. Bb5 Rfd8 18. Rac1 Bxd4 19. Rxd4 Nf6 20. Qc2 e5 21. Rdd1 Qe6 22. Qc7 Qg4 23. Bf1 Rd7 24. Qxe5 Bxg2 25. Rxd7 Bf3+ 26. Qg3 Qxg3+ 27. hxg3 Nxd7 28. Rc7 Rd8 29. Bg2 Bxg2 30. Kxg2 a5 31. bxa5 bxa5 32. Bd4 Nf8 33. Ra7 Rd7 34. Rxa5 f5 35. Ra7 Rxa7 36. Bxa7 Kf7 37. a4 Ke6 38. a5 Kd5 39. Kf3 Ne6 40. a6 Nc7 1/2-1/2

[Event "HUN-chT 1415"]
[Site "Hungary"]
[Date "2015.02.08"]
[Round "6.5"]
[White "Balazs, Gabor1111"]
[Black "Lorand, Norbert"]
[Result "1-0"]
[WhiteElo "2395"]
[BlackElo "2348"]
[PlyCount "95"]
[EventDate "2014.10.12"]
[EventType "team-tourn"]
[EventRounds "9"]
[EventCountry "HUN"]
[SourceTitle "EXT 2016"]
[Source "ChessBase"]
[SourceDate "2015.10.08"]
[SourceVersion "1"]
[SourceVersionDate "2015.10.08"]
[SourceQuality "1"]
[WhiteTeam "Paks"]
[BlackTeam "Dunaharaszti"]
[WhiteTeamCountry "HUN"]
[BlackTeamCountry "HUN"]

1. d4 Nf6 2. c4 d6 3. Nc3 Nbd7 4. e4 e5 5. Nf3 Be7 6. Be2 0-0 7. 0-0 c6 8. Be3 Re8 9. d5 Ng4 10. Bd2 c5 11. Ne1 Ngf6 12. Nd3 Bf8 13. a3 Nb6 14. b3 g6 15. Qc2 Qe7 16. Qa2 a5 17. Rae1 Bd7 18. Bd1 h5 19. Bg5 Bg7 20. f4 Qf8 21. fxe5 Nh7 22. Bf4 Bxe5 23. Bxe5 dxe5 24. Qf2 Rac8 25. Qg3 Qg7 26. Qe3 Qf8 27. Rf2 f6 28. a4 Kh8 29. Ref1 Qe7 30. Qh6 Qg7 31. Qd2 Qe7 32. Nb1 Ra8 33. Qh6 Qg7 34. Qxg7+ Kxg7 35. Nxc5 Rab8 36. Nd2 Re7 37. Nd3 Be8 38. c5 Nd7 39. Nc4 Ng5 40. Nd6 Nf7 41. Nxe8+ Rexe8 42. c6 bxc6 43. dxc6 Nf8 44. Rxf6 Ng5 45. Nc5 Nfe6 46. Nd7 Rbd8 47. Nxe5 Nf8 48. Nf7 1-0

[Event "HUN-chT 1415"]
[Site "Hungary"]
[Date "2014.11.16"]
[Round "2.3"]
[White "Szamoskozi, Gabor"]
[Black "Lorand, Norbert"]
[Result "0-1"]
[WhiteElo "2335"]
[BlackElo "2348"]
[PlyCount "132"]
[EventDate "2014.10.12"]
[EventType "team-tourn"]
[EventRounds "9"]
[EventCountry "HUN"]
[SourceTitle "CBM 163 Extra"]
[Source "ChessBase"]
[SourceDate "2014.12.23"]
[SourceVersion "1"]
[SourceVersionDate "2014.12.23"]
[SourceQuality "1"]
[WhiteTeam "Penzugyor"]
[BlackTeam "Dunaharaszti"]
[WhiteTeamCountry "HUN"]
[BlackTeamCountry "HUN"]

1. e4 c5 2. Nf3 d6 3. d4 cxd4 4. Nxd4 Nf6 5. Nc3 a6 6. Be2 e5 7. Nb3 Be7 8. 0-0 Be6 9. f4 exf4 10. Bxf4 Nc6 11. Nd5 Nxe4 12. Nxe7 Qb6+ 13. Kh1 Nxe7 14. Qd4 Qxd4 15. Nxd4 0-0 16. Bf3 d5 17. Rae1 Nf5 18. Nxf5 Bxf5 19. c4 Rfe8 20. Bxe4 dxe4 21. Kg1 Bd7 22. Kf2 h6 23. h4 Rac8 24. Rc1 Rc6 25. Rfd1 Bg4 26. Rd4 Rce6 27. Ke3 f6 28. b4 g5 29. hxg5 hxg5 30. Bd6 f5 31. g3 Rh6 32. Rd2 Rh3 33. Kd4 e3 34. Rg2 Bf3 35. Rgg1 Rh2 36. Be5 Rxa2 37. Kxe3 Rxe5+ 38. Kxf3 Re4 39. g4 Ra3+ 40. Kf2 fxg4 41. Rc2 Rb3 42. b5 axb5 43. cxb5 Rxb5 44. Rd1 Kf7 45. Rd7+ Re7 46. Rd4 Kf6 47. Rxg4 Kf5 48. Rd4 Re4 49. Rd7 Kg4 50. Rd3 Rf5+ 51. Kg2 Rfe5 52. Rg3+ Kf5 53. Rd3 b5 54. Rf2+ Kg4 55. Rg3+ Kh5 56. Rh3+ Kg6 57. Rb3 Re2 58. Rxe2 Rxe2+ 59. Kf3 Re5 60. Rc3 Kf6 61. Rc8 Ke7 62. Kg4 Kd6 63. Rf8 Kc5 64. Rc8+ Kd4 65. Rc1 b4 66. Rd1+ Kc3 0-1

[Event "HUN-chT 1213"]
[Site "Hungary"]
[Date "2012.11.18"]
[Round "4"]
[White "Groszpeter, Attila"]
[Black "Lorand, Norbert"]
[Result "1-0"]
[WhiteElo "2481"]
[BlackElo "2320"]
[PlyCount "143"]
[EventDate "2012.09.16"]
[EventType "team-tourn"]
[EventRounds "9"]
[EventCountry "HUN"]
[SourceTitle "CBM 151 Extra"]
[Source "ChessBase"]
[SourceDate "2012.12.18"]
[SourceVersion "1"]
[SourceVersionDate "2012.12.18"]
[SourceQuality "1"]
[WhiteTeam "Paks"]
[BlackTeam "Dunaharaszti"]
[WhiteTeamCountry "HUN"]
[BlackTeamCountry "HUN"]

1. e4 c6 2. d4 d5 3. e5 Bf5 4. Nd2 e6 5. Nb3 Nd7 6. Nf3 Ne7 7. Be2 Nc8 8. 0-0 Be7 9. a4 0-0 10. a5 a6 11. c4 dxc4 12. Bxc4 Na7 13. Bd3 Bxd3 14. Qxd3 Nb5 15. Nbd2 h6 16. Rd1 Qc7 17. Nc4 Rfd8 18. Qe4 c5 19. Qg4 Nxd4 20. Nxd4 cxd4 21. Bxh6 Bf8 22. Rac1 Nc5 23. Qg3 Rab8 24. Nb6 Qc6 25. Bg5 Qb5 26. Bxd8 Rxd8 27. Qh4 Re8 28. Nc4 Nb3 29. Rc2 Qa4 30. Nd6 Bxd6 31. exd6 Nc5 32. Rcc1 e5 33. Qg4 Qxa5 34. Qf3 b6 35. Qd5 Qa4 36. Qc4 Qxc4 37. Rxc4 Rd8 38. b4 Ne4 39. Rc6 Rxd6 40. Rxd6 Nxd6 41. Ra1 a5 42. bxa5 bxa5 43. Rxa5 f6 44. Rd5 Ne4 45. h4 Kh7 46. f3 Nc3 47. Rd7 Kh6 48. Rd6 Kh5 49. g3 Nd1 50. Rd7 Kh6 51. Rd6 Kh5 52. Kg2 Kh6 53. f4 Ne3+ 54. Kf3 Nc4 55. Rc6 Na5 56. Rc7 exf4 57. Kxf4 Nb3 58. Rd7 Kg6 59. Rd5 Nc1 60. Kf3 Nd3 61. Rxd4 Ne5+ 62. Kf4 Kh6 63. Kf5 Nc6 64. Re4 Kh7 65. g4 Na5 66. g5 Nc6 67. gxf6 gxf6 68. Kxf6 Kh6 69. Rc4 Na5 70. Rc8 Kh7 71. Kg5 Nb3 72. Rc7+ 1-0

[Event "HUN-chT2 Maroczy 1112"]
[Site "Hungary"]
[Date "2012.05.20"]
[Round "11"]
[White "Hardicsay, Peter"]
[Black "Lorand, Norbert"]
[Result "1/2-1/2"]
[WhiteElo "2266"]
[BlackElo "2316"]
[PlyCount "31"]
[EventDate "2011.09.25"]
[EventType "team-tourn"]
[EventRounds "11"]
[EventCountry "HUN"]
[SourceTitle "EXT 2013"]
[Source "ChessBase"]
[SourceDate "2012.11.22"]
[SourceVersion "1"]
[SourceVersionDate "2012.11.22"]
[SourceQuality "1"]
[WhiteTeam "Fuezesabony"]
[BlackTeam "Dunaharaszti"]
[WhiteTeamCountry "HUN"]
[BlackTeamCountry "HUN"]

1. c4 Nf6 2. Nc3 e5 3. Nf3 Nc6 4. g3 d5 5. cxd5 Nxd5 6. Bg2 Nb6 7. 0-0 Be7 8. d3 Be6 9. Be3 f5 10. Qc1 h6 11. Rd1 0-0 12. d4 e4 13. Ne5 Nxe5 14. dxe5 Qe8 15. f3 exf3 16. exf3 1/2-1/2

[Event "HUN-chT2 Maroczy 1112"]
[Site "Hungary"]
[Date "2012.04.22"]
[Round "9"]
[White "Lorand, Norbert"]
[Black "Luca, Ionel"]
[Result "1/2-1/2"]
[WhiteElo "2316"]
[BlackElo "2154"]
[PlyCount "71"]
[EventDate "2011.09.25"]
[EventType "team-tourn"]
[EventRounds "11"]
[EventCountry "HUN"]
[SourceTitle "EXT 2013"]
[Source "ChessBase"]
[SourceDate "2012.11.22"]
[SourceVersion "1"]
[SourceVersionDate "2012.11.22"]
[SourceQuality "1"]
[WhiteTeam "Dunaharaszti"]
[BlackTeam "Kisujszallas"]
[WhiteTeamCountry "HUN"]
[BlackTeamCountry "HUN"]

1. e4 d6 2. d4 Nf6 3. Nc3 c6 4. f4 Qa5 5. Bd3 e5 6. Nf3 Nbd7 7. 0-0 Be7 8. Be3 Qc7 9. Kh1 0-0 10. Qe1 exd4 11. Nxd4 Nc5 12. Qg3 Nxd3 13. cxd3 Qa5 14. Rae1 Qh5 15. f5 Ng4 16. h3 Nxe3 17. Rxe3 Qg5 18. Qf2 Kh8 19. Nf3 Qh6 20. d4 Bd7 21. Nh2 Qh4 22. Qe2 Rae8 23. g4 d5 24. e5 c5 25. Kg2 cxd4 26. Nf3 Qh6 27. Nxd4 Qb6 28. Rd3 Bf6 29. Nxd5 Bc6 30. Nf3 Qb5 31. Nxf6 Rxe5 32. Qd2 gxf6 33. Rf2 Rfe8 34. Kg3 Bxf3 35. Rdxf3 Re4 36. Qc3 1/2-1/2

[Event "HUN-chT2 Maroczy 1112"]
[Site "Hungary"]
[Date "2011.09.25"]
[Round "1"]
[White "Lorand, Norbert"]
[Black "Mokcsay, Robert"]
[Result "1/2-1/2"]
[WhiteElo "2316"]
[BlackElo "2264"]
[PlyCount "105"]
[EventDate "2011.09.25"]
[EventType "team-tourn"]
[EventRounds "11"]
[EventCountry "HUN"]
[SourceTitle "EXT 2013"]
[Source "ChessBase"]
[SourceDate "2012.11.22"]
[SourceVersion "1"]
[SourceVersionDate "2012.11.22"]
[SourceQuality "1"]
[WhiteTeam "Dunaharaszti"]
[BlackTeam "Roszke"]
[WhiteTeamCountry "HUN"]
[BlackTeamCountry "HUN"]

1. e4 c5 2. Nf3 Nc6 3. d4 cxd4 4. Nxd4 e5 5. Nb5 a6 6. Nd6+ Bxd6 7. Qxd6 Qe7 8. Qd1 Nf6 9. Nc3 Nd4 10. Be3 0-0 11. Bxd4 d5 12. Be2 exd4 13. Qxd4 dxe4 14. 0-0 Bf5 15. Qe3 Rac8 16. Rfd1 Qb4 17. Rab1 Rfd8 18. Rxd8+ Rxd8 19. a3 Qa5 20. h3 h6 21. Bc4 Qe5 22. Rd1 Rxd1+ 23. Nxd1 Bd7 24. Qb6 Bc6 25. Bxa6 Qd6 26. Be2 Qd2 27. Kf1 Qxc2 28. Qd8+ Kh7 29. Qd4 Nd5 30. g3 Nf6 31. Ne3 Qb3 32. Kg2 Bb5 33. Bxb5 Qxb5 34. b4 Qc6 35. Qc4 Qxc4 36. Nxc4 Nd5 37. Nd6 e3 38. Kf3 exf2 39. Kxf2 b6 40. Nxf7 Kg6 41. Nd6 Kf6 42. Nc4 b5 43. Nd6 Nc7 44. Ke3 Ke5 45. Ne4 Ne6 46. Kd3 h5 47. Nc3 Nd4 48. a4 bxa4 49. Nxa4 Nf5 50. g4 hxg4 51. hxg4 Nh6 52. g5 Nf7 53. b5 1/2-1/2

[Event "HUN-chT 1011"]
[Site "Hungary"]
[Date "2011.04.17"]
[Round "9"]
[White "Lorand, Norbert"]
[Black "Varga, Peter"]
[Result "1/2-1/2"]
[WhiteElo "2369"]
[BlackElo "2411"]
[PlyCount "61"]
[EventDate "2010.10.10"]
[EventType "team-tourn"]
[EventRounds "11"]
[EventCountry "HUN"]
[SourceTitle "EXT 2012"]
[Source "ChessBase"]
[SourceDate "2011.11.24"]
[SourceVersion "1"]
[SourceVersionDate "2011.11.24"]
[SourceQuality "1"]
[WhiteTeam "Taban Spartacus"]
[BlackTeam "Kazincbarcika"]
[WhiteTeamCountry "HUN"]
[BlackTeamCountry "HUN"]

1. e4 e5 2. Nf3 Nc6 3. Bb5 a6 4. Ba4 Nf6 5. 0-0 b5 6. Bb3 Be7 7. Re1 d6 8. c3 0-0 9. h3 Bb7 10. d4 Na5 11. Bc2 Nc4 12. Nbd2 Nxd2 13. Bxd2 Nd7 14. a4 c5 15. Qe2 Qb6 16. Be3 bxa4 17. Bxa4 Bc6 18. dxc5 dxc5 19. Qc4 Bxa4 20. Qxa4 Qc7 21. Nd2 Nb6 22. Qa5 Qc6 23. b4 Rfc8 24. Reb1 Nd7 25. Qa4 Qxa4 26. Rxa4 cxb4 27. cxb4 Kf8 28. Rba1 Rab8 29. Rxa6 Rxb4 30. Ra8 Rxa8 31. Rxa8+ 1/2-1/2

[Event "HUN-chT 1011"]
[Site "Hungary"]
[Date "2011.01.30"]
[Round "5"]
[White "Markos, Jan"]
[Black "Lorand, Norbert"]
[Result "1-0"]
[WhiteElo "2566"]
[BlackElo "2369"]
[PlyCount "91"]
[EventDate "2010.10.10"]
[EventType "team-tourn"]
[EventRounds "11"]
[EventCountry "HUN"]
[SourceTitle "EXT 2012"]
[Source "ChessBase"]
[SourceDate "2011.11.24"]
[SourceVersion "1"]
[SourceVersionDate "2011.11.24"]
[SourceQuality "1"]
[WhiteTeam "Haladas"]
[BlackTeam "Taban Spartacus"]
[WhiteTeamCountry "HUN"]
[BlackTeamCountry "HUN"]

1. Nf3 Nf6 2. c4 e6 3. Nc3 d5 4. d4 dxc4 5. e3 c5 6. Bxc4 a6 7. 0-0 Nc6 8. Qe2 cxd4 9. Rd1 Be7 10. exd4 Qc7 11. Bg5 0-0 12. Rac1 Ng4 13. Ne4 Bxg5 14. Nexg5 h6 15. Ne4 Qe7 16. h3 Nf6 17. Nxf6+ Qxf6 18. Ne5 Nxe5 19. dxe5 Qe7 20. Qe4 g6 21. Be2 Kg7 22. Rd6 Ra7 23. Bf3 b5 24. Qf4 g5 25. Qd2 Rc7 26. Rxc7 Qxc7 27. h4 gxh4 28. Qf4 Qe7 29. Rd4 Qg5 30. Qg4 Qxg4 31. Rxg4+ Kh7 32. Be4+ Kh8 33. Rxh4 Rd8 34. Rxh6+ Kg7 35. Rh7+ Kg8 36. Rh3 Rd1+ 37. Kh2 Rd2 38. Rc3 Bd7 39. Rd3 Rxd3 40. Bxd3 Bc6 41. g4 Kf8 42. b4 Ke7 43. Kg3 Bd5 44. a3 Kf8 45. Kf4 Ke7 46. Be4 1-0

[Event "HUN-chT 1011"]
[Site "Hungary"]
[Date "2010.11.07"]
[Round "2"]
[White "Lorand, Norbert"]
[Black "Szabo, Zsolt Jozsef"]
[Result "0-1"]
[WhiteElo "2369"]
[BlackElo "2433"]
[PlyCount "92"]
[EventDate "2010.10.10"]
[EventType "team-tourn"]
[EventRounds "11"]
[EventCountry "HUN"]
[SourceTitle "EXT 2012"]
[Source "ChessBase"]
[SourceDate "2011.11.24"]
[SourceVersion "1"]
[SourceVersionDate "2011.11.24"]
[SourceQuality "1"]
[WhiteTeam "Taban Spartacus"]
[BlackTeam "Vasas"]
[WhiteTeamCountry "HUN"]
[BlackTeamCountry "HUN"]

1. e4 c6 2. Ne2 d5 3. e5 c5 4. d4 Nc6 5. c3 e6 6. a3 a5 7. b3 Nh6 8. Ng3 Qh4 9. Nd2 Nf5 10. Nf3 Qd8 11. Nxf5 exf5 12. Be3 cxd4 13. Nxd4 Be7 14. Nxc6 bxc6 15. c4 0-0 16. Be2 Be6 17. f4 a4 18. b4 c5 19. cxd5 Bxd5 20. bxc5 Bxg2 21. Qxd8 Rfxd8 22. Rg1 Be4 23. Rd1 Rdc8 24. Rd7 Kf8 25. e6 g6 26. Bc4 fxe6 27. Bxe6 Rc6 28. Bd5 Bxd5 29. Rxd5 Rac8 30. Rd7 Re6 31. Rd3 Bxc5 32. Rg3 Rce8 33. Kd2 Bxe3+ 34. Rgxe3 Rxe3 35. Rxe3 Rxe3 36. Kxe3 Ke7 37. h4 h6 38. Kd3 Kf6 39. Ke3 g5 40. hxg5+ hxg5 41. fxg5+ Kxg5 42. Kf3 Kf6 43. Kf4 Ke6 44. Ke3 Ke5 45. Kd3 Kf4 46. Kd2 Kf3 0-1

[Event "HUN-chT U18"]
[Site "Miskolc"]
[Date "2010.11.05"]
[Round "7.7"]
[White "Csire, Bence"]
[Black "Lorand, Norbert"]
[Result "1/2-1/2"]
[WhiteElo "1870"]
[BlackElo "2348"]
[PlyCount "125"]
[EventDate "2010.11.02"]
[EventType "team-swiss"]
[EventRounds "8"]
[EventCountry "HUN"]
[SourceTitle "EXT 2016"]
[Source "ChessBase"]
[SourceDate "2015.10.08"]
[SourceVersion "1"]
[SourceVersionDate "2015.10.08"]
[SourceQuality "1"]

1. e4 c5 2. Nf3 Nf6 3. Nc3 d5 4. exd5 Nxd5 5. d4 Nxc3 6. bxc3 g6 7. Be3 Bg7 8. Be2 Nc6 9. 0-0 Qc7 10. Rb1 0-0 11. Qc1 Rd8 12. Rd1 Bf5 13. d5 Na5 14. c4 b6 15. Bf4 Qd7 16. Rb5 e5 17. Bd2 Nb7 18. Nh4 Nd6 19. Rb3 h5 20. Nxf5 Nxf5 21. Bd3 Nd4 22. Rb1 e4 23. Bf1 Qa4 24. c3 Nf5 25. Qb2 Qd7 26. Qc2 Re8 27. Re1 Nd6 28. g3 h4 29. Bf4 Be5 30. Bxe5 Rxe5 31. Qe2 hxg3 32. fxg3 Kg7 33. Rb2 Rh8 34. Qe3 Qg4 35. Rf2 Qd7 36. Qf4 Rhe8 37. Qf6+ Kg8 38. Rf4 g5 39. Rf2 Kh7 40. h4 g4 41. Qf4 f5 42. Qg5 Qg7 43. Qxg7+ Kxg7 44. a4 e3 45. Rg2 Re4 46. Bd3 Nxc4 47. Bxe4 Rxe4 48. Rge2 Kf6 49. Rd1 Nd2 50. Rdxd2 exd2 51. Rxd2 Ke7 52. h5 Kd6 53. c4 Rxc4 54. Re2 Rc3 55. h6 Rxg3+ 56. Kh1 Rh3+ 57. Rh2 Rxh6 58. Rxh6+ Kxd5 59. Rh7 c4 60. Rxa7 Kc5 61. a5 bxa5 62. Rxa5+ Kb4 63. Rxf5 1/2-1/2

[Event "HUN-chT U18"]
[Site "Miskolc"]
[Date "2010.11.05"]
[Round "6.5"]
[White "Lorand, Norbert"]
[Black "Doros, Radu Marian"]
[Result "0-1"]
[WhiteElo "2348"]
[BlackElo "2332"]
[PlyCount "88"]
[EventDate "2010.11.02"]
[EventType "team-swiss"]
[EventRounds "8"]
[EventCountry "HUN"]
[SourceTitle "EXT 2016"]
[Source "ChessBase"]
[SourceDate "2015.10.08"]
[SourceVersion "1"]
[SourceVersionDate "2015.10.08"]
[SourceQuality "1"]

1. e4 c5 2. Nf3 d6 3. d4 cxd4 4. Nxd4 Nf6 5. Nc3 a6 6. Be3 e5 7. Nb3 Be6 8. Qd2 Nbd7 9. f3 h5 10. 0-0-0 Qc7 11. Kb1 Be7 12. Nd5 Bxd5 13. exd5 Nb6 14. Bxb6 Qxb6 15. h4 0-0 16. Na5 Rfc8 17. Nc4 Qc5 18. Ne3 Bf8 19. g4 g6 20. g5 Nd7 21. Bh3 Qc7 22. Nf1 e4 23. fxe4 Bg7 24. Bxd7 Qxd7 25. Qd3 Rc5 26. Nd2 Rac8 27. Rc1 Qa4 28. c3 Ra5 29. a3 Rac5 30. Rh3 Qd7 31. Rf3 Qg4 32. Rcf1 R8c7 33. Rf4 Qc8 34. R4f3 Qe8 35. Ka2 Qe5 36. R1f2 Qe8 37. Re2 Qa4 38. e5 Bxe5 39. Ne4 Rb5 40. b4 a5 41. Nc5 Rcxc5 42. Rxf7 Kxf7 43. Qf3+ Kg7 44. Rf2 Qxa3+ 0-1